| 000 | 01171cam a2200337 i 4500 | ||
|---|---|---|---|
| 999 |
_c3215 _d3215 |
||
| 001 | 18511413 | ||
| 003 | GZU | ||
| 005 | 20201123102810.0 | ||
| 008 | 150302s2016 cau 001 0 eng | ||
| 010 | _a 2015006458 | ||
| 020 | _a9781483359304 (pbk. : alk. paper) | ||
| 040 |
_aDLC _beng _cDLC _erda _dDLC |
||
| 042 | _apcc | ||
| 050 | 0 | 0 |
_aHD58.8 _b.CAW 2016 |
| 082 | 0 | 0 |
_a658.4/06 _223 |
| 100 | 1 | _aCawsey, T. F. | |
| 245 | 1 | 0 |
_aOrganizational change : _ban action-oriented toolkit / _cTupper F. Cawsey, Wilfrid Laurier University, Gene Deszca, Wilfrid Laurier University, Cynthia Ingols, Simmons College. |
| 250 | _aThird edition. | ||
| 264 | 1 |
_aLos Angeles : _bSAGE, _c[2016] |
|
| 300 |
_a180 pages ; _c28 cm |
||
| 336 |
_atext _2rdacontent |
||
| 337 |
_aunmediated _2rdamedia |
||
| 338 |
_avolume _2rdacarrier |
||
| 500 | _aIncludes index. | ||
| 650 | 0 | _aOrganizational change. | |
| 700 | 1 | _aDeszca, Gene. | |
| 700 | 1 | _aIngols, Cynthia. | |
| 906 |
_a7 _bcbc _corignew _d1 _eecip _f20 _gy-gencatlg |
||
| 942 |
_2lcc _cBK _h58.8 _iCAW _kHD |
||